000 01005nam a22002297a 4500
005 20210325191551.0
008 s2540 th tha d
041 _atha
090 _aว JQ1749.A5 ป185ก 2540
100 0 _aประกอบ จิรกิติ
245 1 0 _aการศึกษาเปรียบเทียบจำนวนและวิธีการเลือกตั้งสมาชิกสภาผู้แทนราษฎร
260 3 _aกรุงเทพฯ :
_bสถาบันพระปกเกล้า,
_c2540
300 _a40 หน้า :
_b ตาราง ;
_c 29 ซม.
650 0 4 _aประกอบ จิรกิติ, 2496--
650 0 4 _aการเลือกตั้ง -- ไทย
650 0 4 _aประชาธิปไตย
650 0 4 _aระบบการเลือกตั้ง -- ไทย
850 _aNALT
942 _cRSH
997 _c000000000028844
_kVC
998 _aARUNTHIP
999 _c28844
_d28844